[Event "Budapest FS03 IM-A"]
[Site "Budapest"]
[Date "2000.03.08"]
[Round "3"]
[White "Gara, Ticia"]
[Black "Parkanyi, Attila"]
[Result "1-0"]
[WhiteElo "2299"]
[BlackElo "2362"]
[PlyCount "120"]
[EventDate "2000.03.05"]
[Source "ChessBase"]
[SourceDate "2000.05.11"]

1. e4 e5 2. Nf3 Qe7 3. Bc4 d6 4. d3 h6 5. Nc3 c6 6. a4 Nf6 7. O-O Bg4 8. h3 Bd7 9. d4 g5 10. b3 g4 11. hxg4 Nxg4 12. Ba3 Qf6 13. dxe5 dxe5 14. Bxf8 Kxf8 15. Qd3 h5 16. Rad1 h4 17. Qd6+ Qxd6 18. Rxd6 Ke7 19. Rfd1 f6 20. Nh2 Nxh2 21. Kxh2 h3 22. g3 a5 23. f4 exf4 24. gxf4 Rh4 25. f5 b5 26. axb5 cxb5 27. Be6 Be8 28. e5 Ra7 29. Nd5+ Kf8 30. Nxf6 Nc6 31. Nxe8 Nxe5 32. Nf6 Nf3+ 33. Kg3 h2 34. Rh1 Rg7+ 35. Kxf3 Rg1 36. Rd1 Rxd1 37. Rxd1 h1=Q+ 38. Rxh1 Rxh1 39. Nd5 a4 40. bxa4 bxa4 41. Nb4 Ke7 42. Ke3 Kd6 43. Kd4 Rb1 44. Kc4 Re1 45. Kb5 a3 46. Ka4 Re3 47. Na2 Re2 48. c3 Rb2 49. Kxa3 Rb1 50. Nb4 Ke5 51. Ka2 Rf1 52. Kb3 Kd6 53. Nd3 Rb1+ 54. Kc4 Rh1 55. Nb4 Rh8 56. Nd5 Rh1 57. Kb5 Rb1+ 58. Nb4 Rc1 59. c4 Rc3 60. Bd5 Ke5 1-0

[Event "African Individual"]
[Site "Cairo"]
[Date "1998.11.02"]
[Round "1"]
[White "Tissir, Mohamed"]
[Black "Henni, Mohamed"]
[Result "0-1"]
[WhiteElo "2280"]
[BlackElo "2375"]
[PlyCount "112"]
[EventDate "1998.11.02"]
[Source "ChessBase"]
[SourceDate "1999.01.01"]

1. e4 e5 2. Nf3 Qe7 3. Bc4 d6 4. h3 Be6 5. Bxe6 Qxe6 6. O-O Be7 7. Nc3 c6 8. d3 Nd7 9. a4 a5 10. d4 Qc4 11. dxe5 Nxe5 12. Nd4 g6 13. f4 Nd7 14. Rf3 Ngf6 15. b3 Qa6 16. Ba3 Qb6 17. Kh1 Nc5 18. e5 dxe5 19. fxe5 Nfd7 20. e6 fxe6 21. Nxe6 Nxe6 22. Bxe7 Kxe7 23. Rf7+ Kxf7 24. Qxd7+ Kg8 25. Qxe6+ Kg7 26. Qe7+ Kh6 27. Qh4+ Kg7 28. Qe7+ Kh6 29. Rf1 Qd8 30. Qe3+ Qg5 31. Rf4 Kg7 32. Qd4+ Kg8 33. Qc4+ Kg7 34. Qd4+ Kg8 35. Qc4+ Kg7 36. Qf7+ Kh6 37. Ne4 Qd8 38. g3 Rf8 39. Nd6 Qg5 40. Kh2 Qxf4 41. Qxf4+ Rxf4 42. gxf4 b6 43. Kg3 Kg7 44. Kf2 Kf6 45. c4 Rd8 46. Ne4+ Ke7 47. Ke3 Rd1 48. c5 Re1+ 49. Kd3 b5 50. axb5 cxb5 51. Nc3 b4 52. Nd5+ Ke6 53. Nb6 Rc1 54. Kd4 h6 55. h4 h5 56. Nc4 a4 0-1

[Event "Cairo Open"]
[Site "Cairo EGY"]
[Date "1996.??.??"]
[Round "8"]
[White "Hamam, Reda"]
[Black "Rizouk, Aimen"]
[Result "0-1"]
[WhiteElo "2355"]
[BlackElo "2295"]
[PlyCount "116"]
[EventDate "1996.??.??"]
[Source "www.chesslib.no"]
[SourceDate "2004.05.04"]

1. e4 e5 2. Nf3 Qe7 3. Nc3 c6 4. d4 d6 5. dxe5 dxe5 6. Bc4 b5 7. Nxb5 cxb5 8. Bd5 Bb7 9. Nxe5 Bxd5 10. Qxd5 Nf6 11. Qxa8 Qxe5 12. Qb7 Bb4+ 13. c3 Be7 14. Bg5 O-O 15. Bxf6 Bxf6 16. O-O a6 17. Rad1 Qe6 18. a3 Re8 19. f4 Qxe4 20. Rfe1 Qxe1+ 21. Rxe1 Rxe1+ 22. Kf2 Re8 23. a4 bxa4 24. h3 a3 25. bxa3 Bxc3 26. Qc7 Bd4+ 27. Kf1 Bf6 28. a4 g6 29. a5 h6 30. g4 Kg7 31. Qc4 Re6 32. Qc8 Nc6 33. f5 gxf5 34. Qxa6 Bc3 35. gxf5 Rf6 36. Qd3 Bxa5 37. Qe4 Bb6 38. Qg4+ Kh7 39. Ke2 Nd4+ 40. Kd3 Nxf5 41. Qe4 Kg7 42. Qg4+ Kh8 43. Qf4 Be3 44. Qe5 Bg5 45. Ke2 Kh7 46. Kd3 Nh4 47. Qe4+ Ng6 48. Kc2 Rf4 49. Qb7 Kg7 50. Kd1 Rf2 51. Qe4 Rd2+ 52. Ke1 Rh2 53. Qd4+ Bf6 54. Qg4 Rb2 55. Kf1 Rb5 56. Kf2 Rg5 57. Qd7 Nf4 58. Kf1 Rg2 0-1

[Event "Open"]
[Site "?"]
[Date "2005.07.06"]
[Round "3"]
[White "Madeira Wagner Martins"]
[Black "Gonzalez Rodriguez Jorge A"]
[Result "1-0"]
[WhiteElo "2264"]
[BlackElo "2386"]
[PlyCount "107"]
[EventDate "2005.??.??"]
[Source "www.chesslib.no"]
[SourceDate "2004.05.04"]

1. e4 e5 2. Nf3 Qe7 3. Bc4 h6 4. O-O d6 5. d4 Nf6 6. dxe5 dxe5 7. b3 c6 8. Re1 Bg4 9. a4 Qc7 10. Bb2 Nbd7 11. Bc3 a5 12. Nbd2 g5 13. Nf1 Bh5 14. Ng3 Bg6 15. Qd2 b6 16. Rad1 O-O-O 17. Nxe5 Bc5 18. Nxf7 Bxf7 19. Bxf7 Ne5 20. Be6+ Kb7 21. Qe2 h5 22. Rxd8 Rxd8 23. Nxh5 Nxh5 24. Qxh5 Qg7 25. Qe2 Qf6 26. Bf5 Qd6 27. g3 Bb4 28. Bxe5 Qxe5 29. Rd1 Bd6 30. Qh5 Qe7 31. Qh7 Qxh7 32. Bxh7 Kc7 33. e5 Bxe5 34. Rxd8 Kxd8 35. Kg2 Ke7 36. Kf3 Bd4 37. Kg4 Kf6 38. f4 gxf4 39. Kxf4 b5 40. h4 Bf2 41. Kg4 bxa4 42. bxa4 Ke5 43. Bg6 c5 44. Be8 Be1 45. Bb5 Kd4 46. h5 Kc3 47. h6 Kxc2 48. Kf5 Bd2 49. h7 Bc3 50. g4 Kb3 51. g5 Bd4 52. g6 c4 53. Bxc4+ Kxc4 54. Ke6 1-0

[Event "Budapest FS12 IM"]
[Site "Budapest"]
[Date "1996.??.??"]
[Round "11"]
[White "Szieberth, Adam"]
[Black "Czebe, Attila"]
[Result "0-1"]
[WhiteElo "2300"]
[BlackElo "2345"]
[PlyCount "84"]
[EventDate "1996.12.??"]
[Source "www.chesslib.no"]
[SourceDate "2004.05.04"]

1. e4 e5 2. Nf3 Qe7 3. Bc4 d6 4. h3 g6 5. d4 Bg7 6. dxe5 dxe5 7. b3 Nf6 8. Ba3 c5 9. Bb5+ Nbd7 10. Nbd2 O-O 11. O-O a6 12. Bd3 Nh5 13. Re1 Nf4 14. Bf1 b5 15. g3 Ne6 16. Bb2 Bb7 17. Bg2 f6 18. a4 Bc6 19. axb5 axb5 20. Qe2 Bh6 21. Nf1 Nd4 22. Nxd4 cxd4 23. c3 Nc5 24. cxd4 exd4 25. Qc2 d3 26. Qc3 Qe5 27. Qxe5 fxe5 28. Ba3 d2 29. Bxc5 dxe1=N 30. Rxe1 Rfd8 31. b4 Ra2 32. Ne3 Rb2 33. Nd5 Bxd5 34. exd5 Bd2 35. Rxe5 Bxb4 36. Bxb4 Rxb4 37. Re7 Rb1+ 38. Kh2 Rb2 39. Rb7 Rd6 40. h4 Rf6 41. f4 Ra6 42. Kh3 h5 0-1

[Event "Capablanca mem-B"]
[Site "Camaguey CUB"]
[Date "1974.??.??"]
[Round "1"]
[White "Levy, David N L"]
[Black "De Greif, Boris"]
[Result "1/2-1/2"]
[WhiteElo "2320"]
[BlackElo "2325"]
[PlyCount "211"]
[EventDate "1974.03.??"]
[Source "www.chesslib.no"]
[SourceDate "2004.05.04"]

1. e4 e5 2. Nf3 Qe7 3. Bc4 d6 4. h3 g6 5. O-O Bg7 6. Nc3 c6 7. a4 Nf6 8. d4 O-O 9. dxe5 dxe5 10. Qe2 Nh5 11. Bg5 Bf6 12. Bh6 Bg7 13. Qe3 Bxh6 14. Qxh6 Qf6 15. Rad1 Nd7 16. Rd2 Qg7 17. Qxg7+ Kxg7 18. Rfd1 Nhf6 19. g4 Nc5 20. Nxe5 Nfxe4 21. Nxe4 Nxe4 22. Rd8 Be6 23. Rxa8 Rxa8 24. Bxe6 Re8 25. Rd7 Rxe6 26. Nxf7 Nc5 27. Ng5+ Nxd7 28. Nxe6+ Kf6 29. Nd8 Nc5 30. b4 Nxa4 31. Nxb7 Ke5 32. Kg2 Kd5 33. Na5 Nc3 34. Kf3 Na2 35. c4+ Kd6 36. b5 cxb5 37. cxb5 Kc5 38. Nc6 Kxb5 39. Nxa7+ Kc4 40. Nc8 Nc3 41. Kf4 Kd5 42. f3 Ne2+ 43. Ke3 Nc3 44. h4 Ke6 45. Kf4 h6 46. Nb6 Ne2+ 47. Ke3 Nc3 48. Kd3 Nb5 49. Nc4 Nc7 50. Ke4 Kf6 51. Ne3 Nb5 52. Nd5+ Ke6 53. Nf4+ Kf6 54. Ne2 Nc7 55. Ng3 Ne6 56. Ne2 Nc5+ 57. Ke3 Nd7 58. Kd4 Ne5 59. Ke4 Nc4 60. Ng3 Ke6 61. h5 Nd6+ 62. Ke3 g5 63. Kd4 Nf7 64. Nf5 Ne5 65. Ke3 Nf7 66. Ke4 Kf6 67. Kd5 Ne5 68. Nd4 Nf7 69. Nc6 Nh8 70. Ne5 Ke7 71. Nc4 Nf7 72. Nd2 Kf6 73. Ne4+ Ke7 74. Kd4 Ke6 75. Nc5+ Kd6 76. Nb7+ Ke6 77. Ke4 Ne5 78. Nc5+ Kf6 79. Nb3 Ke6 80. Nd4+ Kf6 81. Nb5 Ke6 82. Nc3 Nc4 83. Ne2 Nd2+ 84. Ke3 Nc4+ 85. Kd3 Ne5+ 86. Ke4 Nf7 87. Nd4+ Kf6 88. Kd5 Ke7 89. Nf5+ Kd7 90. Ng3 Ke7 91. Ne4 Kd7 92. Nc5+ Ke7 93. Nb7 Kd7 94. Na5 Ke7 95. Nc4 Kd7 96. Na3 Ke7 97. Nb5 Kd7 98. Nd4 Ke7 99. Ne6 Kd7 100. Nf8+ Ke7 101. Nh7 Kd7 102. Nf6+ Ke7 103. Ng8+ Kf8 104. Nf6 Ke7 105. Nh7 Kd7 106. f4 1/2-1/2

[Event "NED Team Ch 9495"]
[Site "NED"]
[Date "1994.??.??"]
[Round "1"]
[White "Zagema, Wieb"]
[Black "Van Schaardenburg, Mark"]
[Result "1/2-1/2"]
[WhiteElo "2355"]
[BlackElo "2285"]
[PlyCount "66"]
[EventDate "1994.??.??"]
[Source "www.chesslib.no"]
[SourceDate "2004.05.04"]

1. e4 e5 2. Nf3 Qe7 3. Bc4 d6 4. O-O Nd7 5. d4 h6 6. a4 g5 7. dxe5 dxe5 8. Nc3 c6 9. a5 Qf6 10. Be3 Ne7 11. b4 a6 12. Na4 Ng6 13. c3 Be7 14. Ra2 O-O 15. Rd2 Rd8 16. Ne1 Ndf8 17. Rxd8 Bxd8 18. Nc5 Be7 19. Ned3 Nf4 20. Nxf4 gxf4 21. Bc1 Bxc5 22. bxc5 Be6 23. Be2 Rd8 24. Qa4 Ng6 25. Rd1 Kh7 26. Rd6 Rg8 27. Qd1 Nh4 28. g3 Qg6 29. Rd8 Qg5 30. Rxg8 Qxg8 31. Kh1 Bh3 32. Bf1 Bg4 33. Be2 Bh3 1/2-1/2

[Event "CRO Team Ch"]
[Site "Pula CRO"]
[Date "1992.??.??"]
[Round "1"]
[White "Armanda, Ivica"]
[Black "Jusic, Zdenko"]
[Result "0-1"]
[WhiteElo "2275"]
[BlackElo "2365"]
[PlyCount "40"]
[EventDate "1992.??.??"]
[Source "www.chesslib.no"]
[SourceDate "2004.05.04"]

1. e4 e5 2. Nf3 Qe7 3. Bc4 c6 4. d3 Nf6 5. Nc3 h6 6. h3 b5 7. Bb3 Na6 8. O-O g6 9. d4 d6 10. a3 Nc7 11. Be3 Bg7 12. Qd2 Bb7 13. Rad1 c5 14. dxe5 dxe5 15. Bd5 Rd8 16. Qe2 Ncxd5 17. Qxb5+ Qd7 18. exd5 Qxb5 19. Nxb5 a6 20. Nc3 e4 0-1

[Event "Milovan Prvulj Memorial"]
[Site "?"]
[Date "2003.03.06"]
[Round "9"]
[White "Illijin Neboisa"]
[Black "Dostan Janos"]
[Result "1/2-1/2"]
[WhiteElo "2282"]
[BlackElo "2356"]
[PlyCount "129"]
[EventDate "2003.??.??"]
[Source "www.chesslib.no"]
[SourceDate "2004.05.04"]

1. e4 e5 2. Nf3 Qe7 3. Bc4 g6 4. d4 d6 5. dxe5 dxe5 6. Nc3 c6 7. O-O Nh6 8. a4 f6 9. Qe2 Nf7 10. Be3 a5 11. Rfd1 Nd7 12. Ba2 Nc5 13. Nd2 Ne6 14. Nc4 Nf4 15. Qd2 Bg4 16. f3 Be6 17. Qf2 Qb4 18. Nb6 Rd8 19. Bxe6 Nxe6 20. Rxd8+ Nfxd8 21. Rd1 Nd4 22. Ncd5 cxd5 23. Nxd5 Qxb2 24. Nxf6+ Kf7 25. Ng4 Bg7 26. c3 Qxf2+ 27. Kxf2 N4e6 28. Bb6 Re8 29. Bxa5 Nc6 30. Bb6 h5 31. Ne3 Bf8 32. Rd7+ Re7 33. Rd1 Ke8 34. g3 Rf7 35. Ke2 Bc5 36. Nc4 Bxb6 37. Nxb6 Nc5 38. Rd5 Na6 39. Ke3 g5 40. Rd6 Rg7 41. Rh6 h4 42. gxh4 g4 43. fxg4 Rxg4 44. Nd5 Rg2 45. Rh8+ Kd7 46. h5 Nc5 47. h6 Rxh2 48. h7 Rh3+ 49. Ke2 Nxe4 50. Nb6+ Kd6 51. Nc4+ Kc5 52. Nxe5 Nf6 53. Nd3+ Kb6 54. Nf4 Rxc3 55. Ra8 Nd4+ 56. Kd1 Nxh7 57. Nd5+ Kc5 58. Nxc3 Nf6 59. a5 Kc4 60. Ne2 Nc6 61. a6 bxa6 62. Rxa6 Kd5 63. Nc3+ Kc5 64. Kd2 Nd7 65. Ra8 1/2-1/2

[Event "Acropolis 2006 Women Section"]
[Site "http://www.chessfed.gr/Acropo"]
[Date "2006.08.16"]
[Round "4.5"]
[White "Pokorna, Regina"]
[Black "Fakhiridou, Ekaterini"]
[Result "1/2-1/2"]
[WhiteElo "2342"]
[BlackElo "2296"]
[PlyCount "141"]
[EventDate "2006.08.13"]
[Source "www.chesslib.no"]
[SourceDate "2004.05.04"]

1. e4 e5 2. Nf3 Qe7 3. Bc4 h6 4. c3 Nf6 5. O-O d6 6. d4 c6 7. Re1 Nbd7 8. a4 a5 9. Nbd2 g6 10. Ba2 Bg7 11. Nc4 O-O 12. dxe5 dxe5 13. Qd6 Re8 14. Nh4 Nf8 15. Be3 Be6 16. Bc5 Qxd6 17. Nxd6 Reb8 18. Nc4 N8d7 19. Bd6 Re8 20. Nf3 Bf8 21. Bxf8 Kxf8 22. Nd6 Re7 23. Bxe6 Rxe6 24. Nc4 b6 25. h3 Rb8 26. Rad1 Nc5 27. Ncxe5 Nxa4 28. Rd7 Nxb2 29. Rxf7+ Kg8 30. Rc7 Na4 31. Rxc6 Rbe8 32. Rxe6 Rxe6 33. Re3 Nc5 34. Nxg6 Rxe4 35. Ne7+ Kf7 36. Rxe4 Nfxe4 37. Nd5 a4 38. Nd4 Nb3 39. Nb5 Nd6 40. Nxd6+ Ke6 41. Nc4 a3 42. Nc7+ Kd7 43. Nxa3 Kxc7 44. g4 Kd6 45. Kg2 Nd2 46. f4 Kd5 47. f5 Ke5 48. Kg3 h5 49. Kh4 hxg4 50. hxg4 Kf6 51. Nb5 Ne4 52. Kh5 Ng3+ 53. Kh6 Nxf5+ 54. gxf5 Kxf5 55. c4 Kf6 56. Kh7 Kf7 57. Nd4 Kf6 58. Kh6 Ke5 59. Nb5 Kf6 60. Na3 Ke5 61. Nb5 Kf6 62. Kh5 Kf5 63. Kh4 Kf4 64. Kh5 Kf5 65. Na3 Ke4 66. Kg5 Kd3 67. Kf5 Kc3 68. Ke5 Kb4 69. Kd5 Kxa3 70. c5 bxc5 71. Kxc5 1/2-1/2

[Event "It (cat.3)"]
[Site "Lipetsk (Russia)"]
[Date "2007.06.29"]
[Round "10"]
[White "Ajrapetian Gevorg (RUS)"]
[Black "Dmitrenko Viktor (UKR)"]
[Result "0-1"]
[WhiteElo "2269"]
[BlackElo "2367"]
[PlyCount "99"]
[EventDate "2007.??.??"]
[Source "www.chesslib.no"]
[SourceDate "2004.05.04"]

1. e4 e5 2. Nf3 Qe7 3. Nc3 c6 4. a4 d6 5. Be2 Nf6 6. d4 Qc7 7. O-O Bg4 8. b3 Bxf3 9. Bxf3 Be7 10. Be2 O-O 11. Be3 a5 12. Qd2 Na6 13. f4 Nb4 14. Bf3 Rad8 15. Qf2 Nd7 16. Rad1 exd4 17. Bxd4 Bf6 18. Bxf6 Nxf6 19. g4 Nd7 20. Bg2 f6 21. Rd2 Nc5 22. Rfd1 Qe7 23. Re1 Nxc2 24. Rxc2 Nd3 25. Qe3 Nxe1 26. Qxe1 d5 27. Qf2 d4 28. Nb1 d3 29. Rc4 g5 30. Nd2 gxf4 31. Qxf4 Rd7 32. Qf5 Qd8 33. Bf1 Rd4 34. Qc5 Rxc4 35. Qxc4+ Kg7 36. Qc5 Re8 37. Qe3 Re6 38. Kg2 b5 39. h4 Rd6 40. Kg3 Rd4 41. Bh3 bxa4 42. bxa4 c5 43. e5 c4 44. e6 Qd6+ 45. Kg2 Qe5 46. Nxc4 Rxc4 47. Qxd3 Qxe6 48. Kf2 Qb6+ 49. Kf3 Qe6 50. Kf2 0-1

[Event "Barcelona op rap"]
[Site "?"]
[Date "1996.12.14"]
[Round "3"]
[White "Lopez Martinez Josep Manuel"]
[Black "Gonzalez Rodriguez Jorge"]
[Result "0-1"]
[WhiteElo "2280"]
[BlackElo "2350"]
[PlyCount "55"]
[EventDate "1996.??.??"]
[Source "www.chesslib.no"]
[SourceDate "2004.05.04"]

1. e4 e5 2. Nf3 Qe7 3. Nc3 c6 4. Bc4 h6 5. O-O Nf6 6. d4 d6 7. h3 g5 8. Qd3 g4 9. hxg4 Nxg4 10. dxe5 dxe5 11. Be3 Nd7 12. Rad1 Qf6 13. a3 Rg8 14. Nb5 cxb5 15. Bxb5 Qe6 16. c4 a6 17. Ba4 f6 18. Rd2 Rg7 19. Rfd1 b6 20. Nh4 Nxe3 21. fxe3 Rg4 22. Nf5 Rg6 23. b4 Ra7 24. Bb3 Qc6 25. b5 Qc5 26. bxa6 Bxa6 27. Ba4 Bc8 28. Bb5 0-1

[Event "Sitges Open"]
[Site "Sitges"]
[Date "1995.??.??"]
[Round "5"]
[White "Daude Puvill, Antonio"]
[Black "Gonzales, Jayson"]
[Result "0-1"]
[WhiteElo "2235"]
[BlackElo "2395"]
[PlyCount "90"]
[EventDate "1995.??.??"]
[Source "www.chesslib.no"]
[SourceDate "2004.05.04"]

1. e4 e5 2. Nf3 Qe7 3. Bc4 d6 4. O-O h6 5. d4 Nf6 6. dxe5 dxe5 7. Nc3 c6 8. a4 Bg4 9. b3 g5 10. Qd3 Qc7 11. Bb2 Nbd7 12. a5 a6 13. Na4 Qxa5 14. b4 Qc7 15. Qb3 Bh5 16. Nc5 Bxc5 17. bxc5 O-O 18. Qe3 Kg7 19. Rfd1 Rfe8 20. Rd6 b5 21. Ba2 Bg6 22. Rad1 Re7 23. Nxg5 hxg5 24. Qxg5 Rae8 25. Bc1 Rh8 26. g4 Qa5 27. Bb3 Qc3 28. Be3 Rh3 29. R1d3 Rxe3 30. Rxc3 Rxc3 31. h4 Nxc5 32. h5 Ncxe4 33. Qh4 Re8 34. Rd3 Rh8 35. Rxc3 Nxc3 36. Qg5 Ne2+ 37. Kf1 Nf4 38. Qxe5 N4xh5 39. g5 a5 40. gxf6+ Nxf6 41. Qc3 a4 42. Ba2 Rh1+ 43. Kg2 Rc1 44. Bxf7 Kxf7 45. Qxc6 Be4+ 0-1

[Event "Mancha Real schev"]
[Site "Mancha Real"]
[Date "2002.08.08"]
[Round "7"]
[White "Fernandez Siles, Luis"]
[Black "Gonzalez Rodriguez, Jorge A"]
[Result "0-1"]
[WhiteElo "2236"]
[BlackElo "2391"]
[PlyCount "82"]
[EventDate "2002.08.02"]
[Source "ChessBase"]
[SourceDate "2002.09.11"]

1. e4 e5 2. Nf3 Qe7 3. Bc4 h6 4. O-O d6 5. d4 Nf6 6. Re1 c6 7. c3 g5 8. dxe5 dxe5 9. Nbd2 Bg4 10. Nf1 Bh5 11. Ng3 Bg6 12. b4 Qc7 13. Nf5 Nbd7 14. Qb3 Nb6 15. Bf1 O-O-O 16. Ng3 Be7 17. a4 Kb8 18. c4 Rhe8 19. c5 Nc8 20. Bb2 Bf8 21. Qc3 Nd7 22. Nd2 f6 23. Nb3 h5 24. Bc4 h4 25. Nf1 Ka8 26. f3 Nb8 27. Ne3 Rd7 28. b5 Red8 29. bxc6 bxc6 30. Ba3 Bf7 31. Bb4 Bxc4 32. Qxc4 Qb7 33. Ba5 Re8 34. Rad1 Ree7 35. Bd8 Rf7 36. Rxd7 Qxd7 37. Rd1 Qe8 38. Na5 Rd7 39. Rxd7 Qxd7 40. Bxf6 Qd2 41. Qb3 Qe1+ 0-1

[Event "Budapest FS06 IM"]
[Site "Budapest"]
[Date "1996.??.??"]
[Round "9"]
[White "Bigaliev, Renat"]
[Black "Gietl, Thomas"]
[Result "1-0"]
[WhiteElo "2390"]
[BlackElo "2235"]
[PlyCount "65"]
[EventDate "1996.06.??"]
[Source "ChessBase"]

1. e4 e5 2. Nf3 Qe7 3. Bc4 h6 4. O-O d6 5. d4 c6 6. b3 Qc7 7. Bb2 Nd7 8. Nc3 Ngf6 9. a4 Nb6 10. Be2 Bg4 11. dxe5 dxe5 12. Nxe5 Bxe2 13. Nxe2 Nxe4 14. Qd3 Nf6 15. Ng4 Nxg4 16. Qe4+ Qe7 17. Qxg4 Qe6 18. Qxe6+ fxe6 19. Nd4 Kf7 20. a5 Nd5 21. a6 bxa6 22. Nxc6 Bd6 23. Rxa6 Rhc8 24. c4 Nc7 25. Ra5 Ne8 26. Rxa7+ Rxa7 27. Nxa7 Ra8 28. Nb5 Bc5 29. Bc3 Nd6 30. Nxd6+ Bxd6 31. Rd1 Bf8 32. g3 Ra3 33. Rd7+ 1-0

[Event "Belgrade women"]
[Site "Belgrade SCG"]
[Date "1995.??.??"]
[Round "5"]
[White "Maric, Mirjana"]
[Black "Stefanova, Antoaneta"]
[Result "1/2-1/2"]
[WhiteElo "2260"]
[BlackElo "2365"]
[PlyCount "90"]
[EventDate "1995.??.??"]
[Source "www.chesslib.no"]
[SourceDate "2004.05.04"]

1. e4 e5 2. Nf3 Qe7 3. Nc3 Nf6 4. Bc4 h6 5. O-O c6 6. d4 d6 7. a4 g5 8. dxe5 dxe5 9. b3 Qc7 10. Bb2 Bg4 11. Qd3 Nbd7 12. Rad1 Be7 13. Ne2 a6 14. h3 Bh5 15. Ng3 Bg6 16. Qe2 b5 17. axb5 axb5 18. Bd3 g4 19. hxg4 Nxg4 20. Nf5 Bxf5 21. exf5 Rg8 22. Rde1 Bd6 23. Nd2 Qd8 24. g3 Kf8 25. Ne4 Be7 26. Kg2 h5 27. Rh1 h4 28. f3 Nh6 29. g4 Nxf5 30. Kh3 Ng7 31. Bc1 Ne6 32. Bh6+ Ke8 33. Qd2 Qc7 34. Rhf1 Nb6 35. c4 bxc4 36. Bxc4 Nxc4 37. bxc4 Rd8 38. Qc3 f5 39. gxf5 Nd4 40. Rg1 Rxg1 41. Rxg1 Nxf5 42. Bg5 Nd4 43. Rg4 Bxg5 44. Nxg5 Qe7 45. Qe3 Nf5 1/2-1/2

[Event "It (Men) Budapest HUN"]
[Site "?"]
[Date "2005.02.08"]
[Round "4"]
[White "Schneider Veronika"]
[Black "Szeberenyi Adam"]
[Result "1/2-1/2"]
[WhiteElo "2266"]
[BlackElo "2357"]
[PlyCount "50"]
[EventDate "2005.??.??"]
[Source "www.chesslib.no"]
[SourceDate "2004.05.04"]

1. e4 e5 2. Nf3 Qe7 3. Bc4 d6 4. c3 Bg4 5. d3 c6 6. Nbd2 Nf6 7. h3 Bh5 8. O-O Qc7 9. Re1 Be7 10. Nf1 O-O 11. Ng3 Bg6 12. Bg5 h6 13. Nh4 hxg5 14. Nxg6 d5 15. Nxe7+ Qxe7 16. Bb3 dxe4 17. Nxe4 Nxe4 18. Rxe4 Nd7 19. d4 Qf6 20. dxe5 Nxe5 21. Qd4 Ng6 22. Qxf6 gxf6 23. Rd1 Rad8 24. Red4 Rxd4 25. Rxd4 Re8 1/2-1/2

[Event "Budapest HUN"]
[Site "?"]
[Date "1998.??.??"]
[Round "?"]
[White "Borocz Istvan"]
[Black "Juracsik Jozsef"]
[Result "1-0"]
[WhiteElo "2430"]
[BlackElo "2190"]
[PlyCount "71"]
[EventDate "1998.??.??"]
[Source "www.chesslib.no"]
[SourceDate "2004.05.04"]

1. e4 e5 2. Nf3 Qe7 3. Nc3 Nf6 4. Bc4 h6 5. O-O d6 6. d4 c6 7. a4 Bg4 8. dxe5 dxe5 9. h3 Bh5 10. Qd3 g5 11. b3 Nfd7 12. Nh2 Qf6 13. a5 Nc5 14. Qg3 Ne6 15. Bxe6 Qxe6 16. Bb2 Nd7 17. Rfe1 f6 18. Nf1 Bb4 19. Ne3 Bg6 20. Nc4 Kf7 21. Ba3 Bxa3 22. Rxa3 Rhd8 23. Raa1 Nc5 24. Qe3 Qe7 25. Rad1 Ne6 26. Rxd8 Qxd8 27. Rd1 Qe7 28. Rd2 Nd4 29. Ne2 Nxe2+ 30. Rxe2 Rd8 31. Qxa7 Rd1+ 32. Kh2 h5 33. Rd2 Rxd2 34. Nxd2 f5 35. Nc4 fxe4 36. Qxb7 1-0

[Event "Budapest FS06 IM"]
[Site "Budapest"]
[Date "1996.??.??"]
[Round "3"]
[White "Joecks, Christian"]
[Black "Gietl, Thomas"]
[Result "1-0"]
[WhiteElo "2380"]
[BlackElo "2235"]
[PlyCount "67"]
[EventDate "1996.06.??"]
[Source "ChessBase"]

1. e4 e5 2. Nf3 Qe7 3. Nc3 c6 4. d4 d6 5. Bg5 Nf6 6. h3 Nbd7 7. a4 h6 8. Be3 g5 9. Bc4 Bg7 10. Bb3 a5 11. d5 Nf8 12. Nd2 cxd5 13. Nxd5 Nxd5 14. Bxd5 Ng6 15. g3 O-O 16. Nc4 Be6 17. Qd3 Ra6 18. O-O-O Rc8 19. Nb6 Rd8 20. Bc4 Bxc4 21. Qxc4 Qe6 22. Qc7 Re8 23. Qxb7 Rxb6 24. Qxb6 Rc8 25. b3 Bf8 26. Kb2 f5 27. Qxa5 Ne7 28. f3 d5 29. exd5 Qf6 30. d6 e4+ 31. Kb1 Nc6 32. Qd5+ Kh7 33. fxe4 Bg7 34. Qxf5+ 1-0

[Event "It (open) \\"]
[Site "?"]
[Date "2005.05.15"]
[Round "9"]
[White "Acosta Alejandro COL"]
[Black "Espinosa Julio"]
[Result "1-0"]
[WhiteElo "2297"]
[BlackElo "2315"]
[PlyCount "35"]
[EventDate "2005.??.??"]
[Source "www.chesslib.no"]
[SourceDate "2004.05.04"]

1. e4 e5 2. Nf3 Qe7 3. Nc3 c6 4. d4 d6 5. Bg5 f6 6. Be3 Qc7 7. Bc4 Ne7 8. Bb3 Ng6 9. Qe2 Nd7 10. a4 exd4 11. Nxd4 Nc5 12. Ba2 Bd7 13. b4 Na6 14. b5 Nc5 15. O-O O-O-O 16. bxc6 bxc6 17. Rfb1 Re8 18. Nb3 1-0

[Event "CUB Ch"]
[Site "Cuba"]
[Date "1988.??.??"]
[Round "?"]
[White "Rodriguez, Pedro"]
[Black "Gomez, Felix"]
[Result "1/2-1/2"]
[WhiteElo "2315"]
[BlackElo "2295"]
[PlyCount "92"]
[EventDate "1988.10.??"]
[Source "www.chesslib.no"]
[SourceDate "2004.05.04"]

1. e4 e5 2. Nf3 Qe7 3. b3 Nf6 4. Nc3 d6 5. Be2 c6 6. O-O Qc7 7. d4 Be7 8. h3 O-O 9. Bb2 b5 10. a3 a6 11. Qd2 Re8 12. Rfe1 Bf8 13. dxe5 dxe5 14. Bf1 Nbd7 15. Rad1 a5 16. a4 b4 17. Nb1 Nc5 18. Bd3 Nfd7 19. Qg5 f6 20. Bc4+ Ne6 21. Qh5 g6 22. Qh4 Nb6 23. Nbd2 Nxc4 24. Nxc4 g5 25. Qg3 Nf4 26. Nh4 Ba6 27. Nf5 Bxc4 28. bxc4 Rad8 29. Qf3 Qf7 30. g3 Ne6 31. Qe3 Qc7 32. h4 Rxd1 33. Rxd1 Rd8 34. Rf1 h6 35. hxg5 hxg5 36. Kg2 Rd7 37. Qf3 Rh7 38. Rd1 Qf7 39. Ne3 Qg6 40. Ng4 Be7 41. Rd7 Nc5 42. Rxe7 Rxe7 43. Nxf6+ Kh8 44. Nd5 Re8 45. Bxe5+ Rxe5 46. Qf8+ Qg8 1/2-1/2

[Event "Zuerich Open"]
[Site "Zurich SUI"]
[Date "1995.??.??"]
[Round "4"]
[White "Schmid, Wolfgang"]
[Black "Sadiku, Bedri"]
[Result "0-1"]
[WhiteElo "2230"]
[BlackElo "2380"]
[PlyCount "92"]
[EventDate "1995.12.??"]
[Source "www.chesslib.no"]
[SourceDate "2004.05.04"]

1. e4 e5 2. Nf3 Qe7 3. Bc4 d6 4. Nc3 c6 5. O-O h6 6. a4 Nf6 7. d4 Bg4 8. dxe5 dxe5 9. b3 Qc7 10. h3 Bxf3 11. Qxf3 Nbd7 12. Be3 a5 13. Rad1 Be7 14. Ne2 Nb6 15. Bd3 Nc8 16. Ng3 Nd6 17. Bc5 Nc8 18. Bxe7 Nxe7 19. Nf5 Nxf5 20. Qxf5 O-O 21. Rd2 Rad8 22. Rfd1 Rfe8 23. Bc4 Rxd2 24. Rxd2 Kf8 25. g4 Qe7 26. Kg2 g6 27. Qf3 Rd8 28. Rxd8+ Qxd8 29. Qd3 Qxd3 30. Bxd3 g5 31. f3 Ke7 32. Kf2 Nd7 33. Ke3 Nf8 34. c3 Ne6 35. Bc4 Nc7 36. b4 b5 37. Bb3 axb4 38. cxb4 Na6 39. Kd3 Nxb4+ 40. Kc3 Na6 41. axb5 cxb5 42. Bd5 Nc7 43. Bb3 f6 44. Kb4 Kd6 45. Bd1 Kc6 46. Be2 Kb6 0-1

[Event "IV Campionato del Mediterraneo"]
[Site "Cannes FRA"]
[Date "2007.02.24"]
[Round "8"]
[White "Cabrera Trujillo, J."]
[Black "Krivec, J."]
[Result "1-0"]
[WhiteElo "2279"]
[BlackElo "2316"]
[PlyCount "31"]
[EventDate "2007.02.18"]
[Source "www.chesslib.no"]
[SourceDate "2004.05.04"]

1. e4 e5 2. Nf3 Qe7 3. Bc4 h6 4. O-O d6 5. Re1 Nf6 6. c3 g5 7. d4 Bg7 8. a4 g4 9. Nfd2 h5 10. Nf1 h4 11. Na3 c6 12. Ba2 exd4 13. Nc4 O-O 14. Qxd4 d5 15. Ncd2 Nxe4 16. Qe3 1-0